| LEADER |
01388ngm0a2200289 450 |
| 001 |
16835091 |
| 100 |
|
|
|a 20131126d2013 u u0frey01 ba
|
| 101 |
0 |
|
|a fre
|
| 102 |
|
|
|a FR
|
| 200 |
0 |
|
|a Tu honoreras ta mère et ta mère
|f Brigitte Rouan, réal.
|g Guy Zilberstein, Brigitte Rouan, Jean-François Goyet, scénario - Grigoris Vasilas, comp. - Elisa Tovati, Gaspard Ulliel, Michaël Abiteboul, Nicole Garcia, Patrick Mille, Eric Caravaca, ... [et al.] act.
|
| 207 |
|
1 |
|a
|
| 215 |
|
|
|a 1 DVD vidéo monoface zone 2 (1 h 34 min)
|c 16/9, coul. (PAL), son. (Dolby digital 5.1)
|
| 300 |
|
|
|a Langues principales : français;
|
| 330 |
|
|
|a Jo débarque en Grèce avec ses fils pour le traditionnel festival de théâtre qu'elle a créé mais cette année rien ne se passe comme prévu... Tohu-bohu familial filmé avec une énergie et une certaine gaieté... Divertissant...
|
| 700 |
|
0 |
|a Rouan
|b Brigitte
|4 370
|
| 702 |
|
0 |
|a Goyet
|b Jean-François
|4 690
|
| 702 |
|
0 |
|a Zilberstein
|b Guy
|4 690
|
| 702 |
|
0 |
|a Vasilas
|b Grigoris
|4 230
|
| 702 |
|
0 |
|a Caravaca
|b Eric
|4 5
|
| 702 |
|
0 |
|a Mille
|b Patrick
|4 5
|
| 702 |
|
0 |
|a Garcia
|b Nicole
|4 5
|
| 702 |
|
0 |
|a Abiteboul
|b Michaël
|4 5
|
| 702 |
|
0 |
|a Ulliel
|b Gaspard
|4 5
|
| 702 |
|
0 |
|a Tovati
|b Elisa
|f 1976-....
|4 5
|
| 900 |
|
|
|a Film
|
| 901 |
|
|
|a Accessible au prêt
|
| 995 |
|
|
|a Bibliothèque
|c Bibliothèque
|f 00156010138840
|h 00156010138840
|k F ROU
|o p
|q a
|r gd
|e Bibliothèque
|